000 00454nam a2200181Ia 4500
003 GCL
008 140319s9999 xx 000 0 eng d
040 _aGCL /
_cGCL
082 0 4 _a616
_bD A
100 1 _aDIXON, J MICHAEL
245 1 0 _aABC OF BREAST DISEASES /
_cDIXON, J MICHAEL
260 _a[S.N] :
_bBMJ PUBLISHING GROUP ،
_c1995
300 _a74
650 0 4 _aBREAST - DISEASES
650 0 4 _aDISEASES
650 0 4 _aMEDICINE
942 _2ddc
_cBK
999 _c10927
_d10927